Italian Language Clothing Accessories - Statistics

General Stats
  • This quiz has been taken 42 times
  • The average score is 20 of 25
Answer Stats
Hint Answer % Correct
belt cintura
100%
tie cravatta
100%
sleeve manica
100%
glasses occhiali
100%
sunglasses occhiali da sole
100%
sandal sandalo
100%
gym shoes/sneakers scarpe da ginnastica
100%
hiking boots/shoes scarponi da trekking
100%
cap/lid cappellino/capuccio
75%
hat cappello
75%
hood cappuccio
75%
zipper cerniera
75%
collar colletto
75%
swimsuit costume da bagno
75%
glove guanto
75%
slipper pantofola
75%
earmuffs paraorecchie
75%
button pulsante
75%
shoe scarpa
75%
boot stivale
75%
pocket tasca
75%
mittens guanti a manopola
50%
scarf sciarpa
50%
heel tacco
50%
flip flop infradito
25%
No matching quizzes found
Score Distribution
Percent of People with Each Score
Percentile by Number Answered
Your Score History
You have not taken this quiz